Music Quiz

Random Music or Alphabet Quiz

30 Two-Word 'A' Musicians Match-Up Quiz Stats

 Plays Quiz Updated Apr 30, 2018

Score 0/30 Timer 05:00
2 Plays Today
% Correct
Amy
97.7%
Avril
97.2%
Alicia
97%
Aretha
96%
Alanis
94.7%
Arrested
91.4%
Art
89.1%
Arctic
89%
Al
77.4%
Arcade
76.5%
Ariana
75.2%
Annie
73.1%
André
64.5%
Avenged
63.1%
Alabama
61.9%
% Correct
Aaron
53.4%
Aimee
52%
Against
51.3%
Animal
45%
A$AP
42.8%
Angelo
39.5%
Alkaline
37.1%
Aphex
35.4%
Agnostic
28.8%
Amon
26.2%
Active
23.2%
Andrew
22.9%
Aesop
22.8%
Angel
21.4%
Arab
18.5%

You're not logged in!

Compare scores with friends on all Sporcle quizzes.
OR
Log In

You Might Also Like...

Show Comments

Extras

Top Quizzes Today


Score Distribution

Your Account Isn't Verified!

In order to create a playlist on Sporcle, you need to verify the email address you used during registration. Go to your Sporcle Settings to finish the process.

Report this User

Report this user for behavior that violates our Community Guidelines.

Details: